Foot : Les joueurs avec le plus de saison avec 50 buts ou +. - Statistiques

Statistiques générales
  • Ce quiz a été pris 400 fois
  • Le résultat moyen est 5 sur 6
Statistiques - réponses
Nombre de saison à 50 buts Dernière saison à 50 buts Joueur % Correct
8 2017 - 2018 Cristiano Ronaldo
100%
8 2018 - 2019 Lionel Messi
100%
2 2023 - 2024 Kylian Mbappe
94%
6 2021 - 2022 Robert Lewandowski
87%
1 2022 - 2023 Erling Haaland
84%
1 2015 - 2016 Luis Suarez
82%
Aucun quiz correspondant
Distribution des résultats
% des personnes avec chaque résultat
Percentile par nombre de réponses
Votre historique - résultats
Vous n’avez pas pris ce quiz